00602nam a2200217Ia 450000500170000000800410001704000190005804100120007708200130008910000200010224500370012226000260015930000100018544000240019565000160021965100150023585000100025094200070026099900170026795201000028420221031115600.0131103s9999 xx 000 0 und d aLoreto College aEnglish a111bMAR aMarcel, Gabriel aBeing and havingcGabriel Marcel aLondonbCollinsc1963 a255p  aThe Fontana library aMetaphysics aPhilosophy aLCLIB cBK c18332d68811 00102ddc4070aMAINbMAINd2013-11-04l0o111 MAR 17545pB18903r2018-06-22w2013-11-04yBKf